000
00310nam a2200157Ia 4500
100
_a
Vaish/ M.C.
650
_a
General
250
_a
11
942
_c
BK
654
_a
macro
245
_a
Macro economic theory
260
_b
Vikas pub.
_c
1999
082
_a
339.3
_b
VAI
300
_a
688
546
_a
ENGLISH
999
_c
27290
_d
27290